Antología de matemáticas
| Main Author: | |
|---|---|
| Format: | Section = Libro |
| Language: | Undetermined Spanish |
| Published: |
México
Universidad Nacional Autónoma de Nicaragua (UNAN)
1971
|
| Subjects: |
| LEADER | 00515nam a2200181Ia 4500 | ||
|---|---|---|---|
| 008 | 240829s9999 xx 000 0 und d | ||
| 040 | |a BIBLIOTECA-RUPAP 511.3 L318 | ||
| 041 | |a spa | ||
| 082 | |a 511.3 L318 | ||
| 100 | 1 | |a Lara Aparacio, Miguel | |
| 245 | 1 | 0 | |a Antología de matemáticas |
| 260 | |a México |b Universidad Nacional Autónoma de Nicaragua (UNAN) |c 1971 | ||
| 300 | |a 251 p. :il. | ||
| 650 | 7 | |a BIBLIOGRAFIA | |
| 650 | 7 | |b CIENCIAS DE METODOLOGICAS. I. Tít. | |
| 942 | |c BK |2 ddc | ||
| 991 | |a TEXTO | ||
| 999 | |c 7861 | ||